00711nam a2200241 a 4500001001300000003000900013005001700022008004100039020001000080082001500090100001800105245005700123260003800180300000900218500003500227505003100262650003300293700001800326902000800344942000700352952009500359999001500454nice12345678IN_TiNIC20260116011621.0050524s1947 newa grp 000 0 eng  ac10000a227.9bIRO aIronside, H A aExpository Notes on the Epistles of James and Peter. aNew YorkbLoizeaux Brothersc1947 a103p aincludes index and biblioraphy2 aNotes, Bibliography, Index aBible N.T. Epistles-Catholic1 aIronside, H A bSRS cBK 00104070aHMIbHMId2007-06-21g100.00l0o227.9 IROp4186r2007-06-21w2026-01-16yARB c2924d2924